<?xml version="1.0" encoding="UTF-8"?>
<record
    xmlns:xsi="http://www.w3.org/2001/XMLSchema-instance"
    xsi:schemaLocation="http://www.loc.gov/MARC21/slim http://www.loc.gov/standards/marcxml/schema/MARC21slim.xsd"
    xmlns="http://www.loc.gov/MARC21/slim">

  <leader>00869nam a22002537a 4500</leader>
  <controlfield tag="005">20170123162303.0</controlfield>
  <datafield tag="010" ind1=" " ind2=" ">
    <subfield code="a">B-284064</subfield>
  </datafield>
  <datafield tag="020" ind1=" " ind2=" ">
    <subfield code="c">150.00</subfield>
    <subfield code="a">9788180421105</subfield>
  </datafield>
  <datafield tag="035" ind1=" " ind2=" ">
    <subfield code="a">B-284064</subfield>
  </datafield>
  <datafield tag="037" ind1=" " ind2=" ">
    <subfield code="b">Cen Lib/Ret</subfield>
  </datafield>
  <datafield tag="040" ind1=" " ind2=" ">
    <subfield code="a">DPL</subfield>
    <subfield code="b">UR</subfield>
  </datafield>
  <datafield tag="082" ind1=" " ind2=" ">
    <subfield code="a">&#x646;</subfield>
    <subfield code="b">&#x642; &#x62F; &#x648;</subfield>
  </datafield>
  <datafield tag="100" ind1=" " ind2=" ">
    <subfield code="a">&#x642;&#x62F;&#x651;&#x633;&#x6CC; &#x60C; &#x645;&#x646;&#x638;&#x631; </subfield>
    <subfield code="9">107874</subfield>
  </datafield>
  <datafield tag="245" ind1=" " ind2=" ">
    <subfield code="a">&#x627;&#x679;&#x648;&#x679; &#x631;&#x634;&#x62A;&#x6C1; :</subfield>
    <subfield code="c">&#x645;&#x646;&#x638;&#x631; &#x642;&#x62F;&#x633;&#x633;&#x6CC; </subfield>
    <subfield code="b">&#x633;&#x645;&#x627;&#x62C;&#x6CC; &#x627;&#x635;&#x644;&#x627;&#x62D;&#x6CC; &#x646;&#x627;&#x648;&#x644;  /</subfield>
  </datafield>
  <datafield tag="246" ind1=" " ind2=" ">
    <subfield code="b">Atoot rishta : samaji islahi novel /</subfield>
    <subfield code="a">by Manzar Kuddusi </subfield>
  </datafield>
  <datafield tag="260" ind1=" " ind2=" ">
    <subfield code="a">&#x646;&#x6CC;&#x6CC; &#x62F;&#x6CC;&#x644;&#x644;&#x6CC;</subfield>
    <subfield code="c">2008</subfield>
    <subfield code="b">&#x645;&#x627;&#x688;&#x631;&#x646; &#x67E;&#x628;&#x644;&#x634;&#x646;&#x6AF; &#x6C1;&#x627;&#x624;&#x633; </subfield>
  </datafield>
  <datafield tag="270" ind1=" " ind2=" ">
    <subfield code="b">&#x646;&#x6CC;&#x6CC; &#x62F;&#x6CC;&#x644;&#x644;&#x6CC;</subfield>
    <subfield code="a">&#x669;&#x60C; &#x6AF;&#x648;&#x644;&#x6C1; &#x645;&#x627;&#x631;&#x6A9;&#x6CC;&#x679; &#x62F;&#x631;&#x6CC;&#x627;&#x6AF;&#x646;&#x6AF; </subfield>
    <subfield code="e">110002</subfield>
  </datafield>
  <datafield tag="300" ind1=" " ind2=" ">
    <subfield code="a">160p.</subfield>
    <subfield code="c">20cm(Hb)</subfield>
  </datafield>
  <datafield tag="650" ind1=" " ind2=" ">
    <subfield code="a">&#x627;&#x631;&#x62F;&#x648; &#x627;&#x62F;&#x628;   </subfield>
    <subfield code="9">107875</subfield>
  </datafield>
  <datafield tag="650" ind1=" " ind2=" ">
    <subfield code="a">&#x627;&#x631;&#x62F;&#x648; &#x646;&#x627;&#x648;&#x644;    </subfield>
    <subfield code="9">547</subfield>
  </datafield>
  <datafield tag="650" ind1=" " ind2=" ">
    <subfield code="a">Urdu literature </subfield>
    <subfield code="9">107876</subfield>
  </datafield>
  <datafield tag="650" ind1=" " ind2=" ">
    <subfield code="a">Urdu novel </subfield>
    <subfield code="9">107877</subfield>
  </datafield>
  <datafield tag="942" ind1=" " ind2=" ">
    <subfield code="2">ddc</subfield>
    <subfield code="c">UR</subfield>
    <subfield code="h">&#x646;</subfield>
    <subfield code="m">&#x642; &#x62F; &#x648;</subfield>
  </datafield>
  <datafield tag="999" ind1=" " ind2=" ">
    <subfield code="c">106108</subfield>
    <subfield code="d">106108</subfield>
  </datafield>
  <datafield tag="952" ind1=" " ind2=" ">
    <subfield code="0">0</subfield>
    <subfield code="1">0</subfield>
    <subfield code="4">0</subfield>
    <subfield code="7">0</subfield>
    <subfield code="a">L</subfield>
    <subfield code="b">L</subfield>
    <subfield code="d">2015-12-14</subfield>
    <subfield code="e">Cen Lib/Ret</subfield>
    <subfield code="g">150.00</subfield>
    <subfield code="l">1</subfield>
    <subfield code="o">&#x646; &#x642; &#x62F; &#x648;</subfield>
    <subfield code="p">B-284064</subfield>
    <subfield code="r">2019-03-29 00:00:00</subfield>
    <subfield code="s">2019-03-18</subfield>
    <subfield code="t">1</subfield>
    <subfield code="v">150.00</subfield>
    <subfield code="w">2015-12-14</subfield>
    <subfield code="y">UR</subfield>
  </datafield>
</record>
